| Tag |
First Indicator |
Second Indicator |
Subfields |
| LEADER |
00000cam a2200000 a 4500 |
| 001 |
in00002171621 |
| 006 |
m e d # |
| 007 |
cr mn mmmmabba |
| 008 |
830512s1792 pau s f000 0 eng d |
| 005 |
20260331153351.0 |
| 035 |
|
|
|z w033765
|
| 035 |
|
|
|a MAAR8305121806B
|
| 035 |
|
|
|9 mwa91-21330
|
| 035 |
|
|
|a 346838
|
| 035 |
|
|
|a aas03033765
|
| 040 |
|
|
|a MWA
|c MWA
|e bdrb
|d UtOrBLW
|
| 110 |
1 |
|
|a United States.
|b Congress
|n (1st, 1st session :
|d 1789)
|
| 245 |
1 |
0 |
|a Congress of the United States: begun and held at the city of New-York, on Wednesday the fourth of March, one thousand seven hundred and eighty-nine :
|b The conventions of a number of the states having at the time of their adopting the Constitution expressed a desire ... that further declaratory and restrictive clauses should be added ... Resolved by the Senate and House of Representatives ... that the following articles be proposed to the legislatures of the several states as amendments to the Constitution ...
|
| 264 |
|
3 |
|a [Philadelphia] :
|b [Printed by Childs and Swaine],
|c [1792]
|
| 300 |
|
|
|a 11 pages, 1 unnumbered page ;
|c 36 cm. (folio)
|
| 336 |
|
|
|a text
|b txt
|2 rdacontent
|
| 337 |
|
|
|a computer
|b c
|2 rdamedia
|
| 338 |
|
|
|a online resource
|b cr
|2 rdacarrier
|
| 500 |
|
|
|a Caption title.
|
| 500 |
|
|
|a Contains (pages [1]-2) the texts of twelve proposed amendments, to the Constitution. Followed (pages 3-11) by the texts of the ratifications by the states, 1789-1791. With their ratification by Virginia on Dec. 15, 1791, the third through twelfth of the proposed amendments, known as the Bill of Rights, received the necessary approval of three-quarters of the states and became the first ten amendments to the Constitution.
|
| 500 |
|
|
|a "Childs and Swaine were paid July 18, 1792, for 135 copies."--Bristol.
|
| 510 |
4 |
|
|a Bristol
|c B8177
|
| 510 |
4 |
|
|a Shipton & Mooney
|c 46596
|
| 530 |
|
|
|a Microform version available in the Readex Early American Imprints series.
|
| 533 |
|
|
|a Electronic text and image data.
|b [Chester, Vt. :
|c Readex, a division of Newsbank, Inc.,
|d 2002-2004.
|e Includes files in TIFF, GIF and PDF formats with inclusion of keyword searchable text.
|f (Early American imprints. First series ; no. 46596).
|
| 500 |
|
|
|a Electronic resource.
|
| 650 |
|
0 |
|a Constitutional amendments
|z United States.
|
| 752 |
|
|
|a United States
|b Pennsylvania
|d Philadelphia.
|
| 830 |
|
0 |
|a Early American imprints.
|n Series I,
|p Evans (1639-1800) ;
|v no. 46596.
|
| 856 |
4 |
1 |
|u http://proxy.library.tamu.edu/login?url=https://opac.newsbank.com/select/evans/46596
|y Evans Digital Edition
|t 0
|
| 999 |
|
|
|a MARS
|
| 999 |
f |
f |
|s 9b7966fe-7cf3-3826-b86a-57cd696d28e7
|i 892f5e4c-d600-3636-bbcb-12a332a43e95
|t 0
|
| 952 |
f |
f |
|a Texas A&M University
|b College Station
|c Electronic Resources
|s www_evans
|d Available Online
|t 0
|h No information provided
|
| 998 |
f |
f |
|t 0
|l Available Online
|